Management of technology & innovation for competitive advantage
সংরক্ষণ করুন:
| প্রধান লেখক: | |
|---|---|
| বিন্যাস: | গ্রন্থ |
| ভাষা: | ইংরেজি |
| প্রকাশিত: |
Ane Books
2019
|
| ট্যাগগুলো: |
ট্যাগ যুক্ত করুন
কোনো ট্যাগ নেই, প্রথমজন হিসাবে ট্যাগ করুন!
|
MARC
| LEADER | 00000nam a22000007a 4500 | ||
|---|---|---|---|
| 008 | 230105b |||||||| |||| 00| 0 eng d | ||
| 020 | |a 97893885482764 | ||
| 100 | |a KHURANA, Vijay Kumar |a Saiani, Anil K. | ||
| 245 | |a Management of technology & innovation for competitive advantage |c Vijay Kumar Khurana, Anil K. Saini |g xvi, 558p; ill | ||
| 260 | |b Ane Books |c 2019 |i 699341 |i 699342 |l HC79.K52 |m Information technology-Technological innovations |m Knowledge management |m Business enterprises- Technological innovations | ||
| 500 | |a it includes references and index | ||
| 942 | |a lcc |c BK |e Johnson |f 05/01/23 | ||
| 952 | |0 0 |1 0 |2 lcc |4 0 |6 HC0079 K52 |7 0 |9 4077 |a SSL |b HOL |c GJ |d 2023-01-05 |l 0 |o HC79.K52 |p 2023-0011 |r 2023-01-05 00:00:00 |t 699341 |w 2023-01-05 |y BK | ||
| 952 | |0 0 |1 0 |2 lcc |4 0 |6 HC0079 K52 |7 0 |9 4078 |a HOL |b HOL |c GJ |d 2023-01-05 |l 0 |o HC79.K52 |p 2023-0012 |r 2023-01-05 00:00:00 |t 699342 |w 2023-01-05 |y BK | ||
| 999 | |c 2047 |d 2047 | ||